<?xml version="1.0" encoding="UTF-8"?>
<collection xmlns="http://www.loc.gov/MARC21/slim">
 <record>
  <leader>05351cam a2200841   4500</leader>
  <controlfield tag="001">847396304</controlfield>
  <controlfield tag="003">DE-627</controlfield>
  <controlfield tag="005">20240219080835.0</controlfield>
  <controlfield tag="007">tu</controlfield>
  <controlfield tag="008">160323s2016    gw |||||      00| ||ger c</controlfield>
  <datafield tag="015" ind1=" " ind2=" ">
   <subfield code="a">16,N06</subfield>
   <subfield code="2">dnb</subfield>
  </datafield>
  <datafield tag="016" ind1="7" ind2=" ">
   <subfield code="a">1081945990</subfield>
   <subfield code="2">DE-101</subfield>
  </datafield>
  <datafield tag="020" ind1=" " ind2=" ">
   <subfield code="a">9783867322492</subfield>
   <subfield code="c"> : Festeinband : EUR 41.20 (AT), EUR 40.00 (DE)</subfield>
   <subfield code="9">978-3-86732-249-2</subfield>
  </datafield>
  <datafield tag="020" ind1=" " ind2=" ">
   <subfield code="a">386732249X</subfield>
   <subfield code="c"> : Festeinband : EUR 41.20 (AT), EUR 40.00 (DE)</subfield>
   <subfield code="9">3-86732-249-X</subfield>
  </datafield>
  <datafield tag="024" ind1="3" ind2=" ">
   <subfield code="a">9783867322492</subfield>
  </datafield>
  <datafield tag="035" ind1=" " ind2=" ">
   <subfield code="a">(DE-627)847396304</subfield>
  </datafield>
  <datafield tag="035" ind1=" " ind2=" ">
   <subfield code="a">(DE-576)462731812</subfield>
  </datafield>
  <datafield tag="035" ind1=" " ind2=" ">
   <subfield code="a">(DE-599)DNB1081945990</subfield>
  </datafield>
  <datafield tag="035" ind1=" " ind2=" ">
   <subfield code="a">(OCoLC)949903190</subfield>
  </datafield>
  <datafield tag="035" ind1=" " ind2=" ">
   <subfield code="a">(OCoLC)965869771</subfield>
  </datafield>
  <datafield tag="040" ind1=" " ind2=" ">
   <subfield code="a">DE-627</subfield>
   <subfield code="b">ger</subfield>
   <subfield code="c">DE-627</subfield>
   <subfield code="e">rda</subfield>
  </datafield>
  <datafield tag="041" ind1=" " ind2=" ">
   <subfield code="a">ger</subfield>
   <subfield code="a">pol</subfield>
  </datafield>
  <datafield tag="044" ind1=" " ind2=" ">
   <subfield code="c">XA-DE-BE</subfield>
  </datafield>
  <datafield tag="050" ind1=" " ind2="0">
   <subfield code="a">NA1455.P6</subfield>
  </datafield>
  <datafield tag="082" ind1="0" ind2=" ">
   <subfield code="a">700</subfield>
  </datafield>
  <datafield tag="082" ind1="0" ind2=" ">
   <subfield code="a">720.93809033</subfield>
   <subfield code="q">DE-101</subfield>
   <subfield code="2">22/ger</subfield>
  </datafield>
  <datafield tag="082" ind1="0" ind2="4">
   <subfield code="a">700</subfield>
  </datafield>
  <datafield tag="082" ind1="0" ind2="4">
   <subfield code="a">720</subfield>
   <subfield code="a">710</subfield>
   <subfield code="q">DE-101</subfield>
  </datafield>
  <datafield tag="084" ind1=" " ind2=" ">
   <subfield code="a">700#DNB</subfield>
   <subfield code="2">sdnb</subfield>
  </datafield>
  <datafield tag="084" ind1=" " ind2=" ">
   <subfield code="a">KUNST</subfield>
   <subfield code="q">DE-16</subfield>
   <subfield code="2">fid</subfield>
  </datafield>
  <datafield tag="084" ind1=" " ind2=" ">
   <subfield code="a">LK 79703</subfield>
   <subfield code="q">BVB</subfield>
   <subfield code="2">rvk</subfield>
   <subfield code="0">(DE-625)rvk/98294:157</subfield>
  </datafield>
  <datafield tag="084" ind1=" " ind2=" ">
   <subfield code="a">21.73</subfield>
   <subfield code="2">bkl</subfield>
  </datafield>
  <datafield tag="245" ind1="1" ind2="0">
   <subfield code="a">Retablissement</subfield>
   <subfield code="b">preußische Stadtbaukunst in Polen und Deutschland = Retablissement : urbanistyka pruska w Polsce i w Niemczech</subfield>
   <subfield code="c">Christof Baier, André Bischoff, Johanna Drejer, Ulrich Reinisch, Tadeusz J. Żuchowski (Hg., red.)</subfield>
  </datafield>
  <datafield tag="246" ind1="3" ind2="1">
   <subfield code="a">Retablissement</subfield>
   <subfield code="b">urbanistyka pruska w Polsce i w Niemczech</subfield>
  </datafield>
  <datafield tag="250" ind1=" " ind2=" ">
   <subfield code="a">Erstausgabe, 1. Auflage</subfield>
  </datafield>
  <datafield tag="263" ind1=" " ind2=" ">
   <subfield code="a">201611</subfield>
  </datafield>
  <datafield tag="264" ind1=" " ind2="1">
   <subfield code="a">Berlin</subfield>
   <subfield code="b">Lukas Verlag</subfield>
   <subfield code="c">[2016]</subfield>
  </datafield>
  <datafield tag="264" ind1=" " ind2="4">
   <subfield code="c">© 2016</subfield>
  </datafield>
  <datafield tag="300" ind1=" " ind2=" ">
   <subfield code="a">395 Seiten</subfield>
   <subfield code="b">Illustrationen</subfield>
   <subfield code="c">23.5 cm x 15.8 cm</subfield>
  </datafield>
  <datafield tag="336" ind1=" " ind2=" ">
   <subfield code="a">Text</subfield>
   <subfield code="b">txt</subfield>
   <subfield code="2">rdacontent</subfield>
  </datafield>
  <datafield tag="337" ind1=" " ind2=" ">
   <subfield code="a">ohne Hilfsmittel zu benutzen</subfield>
   <subfield code="b">n</subfield>
   <subfield code="2">rdamedia</subfield>
  </datafield>
  <datafield tag="338" ind1=" " ind2=" ">
   <subfield code="a">Band</subfield>
   <subfield code="b">nc</subfield>
   <subfield code="2">rdacarrier</subfield>
  </datafield>
  <datafield tag="500" ind1=" " ind2=" ">
   <subfield code="a">Literatur- und Quellenverzeichnis Seite: 363-378</subfield>
  </datafield>
  <datafield tag="520" ind1=" " ind2=" ">
   <subfield code="a">Das Stadtbild zahlreicher ehemals in Preussen gelegener Städte ist auch heute noch durch den massgeblich von der preussischen Bürokratie getragenen systematischen Stadtumbau im 18. und frühen 19. Jahrhundert geprägt. &quot;Retablissement&quot; nannte man das zeitgenössische Schlüsselkonzept dieser besonderen Form der Stadtentwicklung. Damit ist der -zumeist bürokratisch gelenkte und zentralstaatlich organisierte- planmässige Wiederaufbau oder die schrittweise Verbesserung der baulichen Situation von Städten gemeint. Die Ziele dieses Stadtumbaus bestanden in der Verbesserung der Feuersicherheit, der Hygiene, aber auch der Rechtssicherheit, der Gewerberegulierung sowie der Herstellung eines wohlgeordneten prospects, also einheitlich geordneter Strassen- und Platzräume. Städtebaulich-architektonische, rechtliche und ökonomische Prinzipien griffen auf das Engste ineinander. Der zweisprachige Band versammelt Beiträge polnischer und deutscher Kunsthistorikerinnen und Kunsthistoriker, welche die Grundlagen des preussischen Städte-Retablissements sowie exemplarische Fallbeispiele der vielfältigen städtebaulichen Massnahmen behandeln.</subfield>
  </datafield>
  <datafield tag="546" ind1=" " ind2=" ">
   <subfield code="a">Text in deutscher und polnischer Sprache</subfield>
  </datafield>
  <datafield tag="583" ind1="1" ind2=" ">
   <subfield code="a">Archivierung/Langzeitarchivierung gewährleistet</subfield>
   <subfield code="f">FID</subfield>
   <subfield code="2">pdager</subfield>
   <subfield code="5">DE-16</subfield>
  </datafield>
  <datafield tag="650" ind1=" " ind2="0">
   <subfield code="a">Architecture</subfield>
   <subfield code="z">Poland</subfield>
  </datafield>
  <datafield tag="650" ind1=" " ind2="0">
   <subfield code="a">Architecture</subfield>
   <subfield code="z">Germany</subfield>
   <subfield code="z">Prussia</subfield>
  </datafield>
  <datafield tag="650" ind1=" " ind2="0">
   <subfield code="a">City planning</subfield>
   <subfield code="z">Poland</subfield>
  </datafield>
  <datafield tag="650" ind1=" " ind2="0">
   <subfield code="a">City planning</subfield>
   <subfield code="z">Germany</subfield>
   <subfield code="z">Prussia</subfield>
  </datafield>
  <datafield tag="689" ind1="0" ind2="0">
   <subfield code="d">g</subfield>
   <subfield code="0">(DE-588)4070350-2</subfield>
   <subfield code="0">(DE-627)104252375</subfield>
   <subfield code="0">(DE-576)209180315</subfield>
   <subfield code="a">Deutsche Ostgebiete</subfield>
   <subfield code="2">gnd</subfield>
  </datafield>
  <datafield tag="689" ind1="0" ind2="1">
   <subfield code="d">s</subfield>
   <subfield code="0">(DE-588)4177893-5</subfield>
   <subfield code="0">(DE-627)105345393</subfield>
   <subfield code="0">(DE-576)209980877</subfield>
   <subfield code="a">Retablissement</subfield>
   <subfield code="2">gnd</subfield>
  </datafield>
  <datafield tag="689" ind1="0" ind2="2">
   <subfield code="d">s</subfield>
   <subfield code="0">(DE-588)4056795-3</subfield>
   <subfield code="0">(DE-627)106153706</subfield>
   <subfield code="0">(DE-576)209119012</subfield>
   <subfield code="a">Städtebau</subfield>
   <subfield code="2">gnd</subfield>
  </datafield>
  <datafield tag="689" ind1="0" ind2="3">
   <subfield code="a">z</subfield>
   <subfield code="2">gnd</subfield>
   <subfield code="a">Geschichte 1700-1900</subfield>
  </datafield>
  <datafield tag="689" ind1="0" ind2=" ">
   <subfield code="5">DE-101</subfield>
  </datafield>
  <datafield tag="700" ind1="1" ind2=" ">
   <subfield code="a">Baier, Christof</subfield>
   <subfield code="d">1969-</subfield>
   <subfield code="e">HerausgeberIn</subfield>
   <subfield code="0">(DE-588)132626713</subfield>
   <subfield code="0">(DE-627)528401718</subfield>
   <subfield code="0">(DE-576)263696022</subfield>
   <subfield code="4">edt</subfield>
  </datafield>
  <datafield tag="700" ind1="1" ind2=" ">
   <subfield code="a">Bischoff, André</subfield>
   <subfield code="e">HerausgeberIn</subfield>
   <subfield code="0">(DE-588)101621880X</subfield>
   <subfield code="0">(DE-627)705497569</subfield>
   <subfield code="0">(DE-576)351672036</subfield>
   <subfield code="4">edt</subfield>
  </datafield>
  <datafield tag="700" ind1="1" ind2=" ">
   <subfield code="a">Drejer, Joanna</subfield>
   <subfield code="e">HerausgeberIn</subfield>
   <subfield code="0">(DE-588)1016219628</subfield>
   <subfield code="0">(DE-627)705497747</subfield>
   <subfield code="0">(DE-576)351673350</subfield>
   <subfield code="4">edt</subfield>
  </datafield>
  <datafield tag="700" ind1="1" ind2=" ">
   <subfield code="a">Reinisch, Ulrich</subfield>
   <subfield code="d">1946-</subfield>
   <subfield code="e">HerausgeberIn</subfield>
   <subfield code="0">(DE-588)140343334</subfield>
   <subfield code="0">(DE-627)618243933</subfield>
   <subfield code="0">(DE-576)183927818</subfield>
   <subfield code="4">edt</subfield>
  </datafield>
  <datafield tag="700" ind1="1" ind2=" ">
   <subfield code="a">Żuchowski, Tadeusz J.</subfield>
   <subfield code="d">1958-</subfield>
   <subfield code="e">HerausgeberIn</subfield>
   <subfield code="0">(DE-588)1043622977</subfield>
   <subfield code="0">(DE-627)770735800</subfield>
   <subfield code="0">(DE-576)170212130</subfield>
   <subfield code="4">edt</subfield>
  </datafield>
  <datafield tag="787" ind1="0" ind2="8">
   <subfield code="i">Rezensiert in</subfield>
   <subfield code="a">Strecke, Reinhart, 1949 - </subfield>
   <subfield code="t">[Rezension von: Christof Baier (Hrsg.), Retablissement. Preußische Stadtbaukunst in Polen und Deutschland: Urbanistyka pruska w Polsce i w Niemczech]</subfield>
   <subfield code="d">2017</subfield>
   <subfield code="w">(DE-627)1839604492</subfield>
  </datafield>
  <datafield tag="856" ind1="4" ind2="2">
   <subfield code="u">https://swbplus.bsz-bw.de/bsz462731812rez.htm</subfield>
   <subfield code="m">B:DE-576;DE-16</subfield>
   <subfield code="q">application/pdf</subfield>
   <subfield code="v">20180326104122</subfield>
   <subfield code="x">Verlag</subfield>
   <subfield code="3">Rezension</subfield>
  </datafield>
  <datafield tag="856" ind1="4" ind2="2">
   <subfield code="u">http://d-nb.info/1081945990/04</subfield>
   <subfield code="m">B:DE-101</subfield>
   <subfield code="q">application/pdf</subfield>
   <subfield code="3">Inhaltsverzeichnis</subfield>
  </datafield>
  <datafield tag="856" ind1="4" ind2="2">
   <subfield code="u">http://lukasverlag.com/programm/titel/446-retablissement.html</subfield>
   <subfield code="x">Verlag</subfield>
   <subfield code="y">Beschreibung &amp; Leseprobe</subfield>
  </datafield>
  <datafield tag="936" ind1="r" ind2="v">
   <subfield code="a">LK 79703</subfield>
   <subfield code="b">Neuzeit (-1800)</subfield>
   <subfield code="k">Kunstgeschichte</subfield>
   <subfield code="k">Kunst nach Ländern bzw. Kontinenten</subfield>
   <subfield code="k">Deutschland</subfield>
   <subfield code="k">Deutsche Kunstgeschichte nach Gattungen</subfield>
   <subfield code="k">Architektur</subfield>
   <subfield code="k">Ordnung nach Aufgaben</subfield>
   <subfield code="k">Urbanistik</subfield>
   <subfield code="k">Allgemeine Darstellungen</subfield>
   <subfield code="k">Neuzeit (-1800)</subfield>
   <subfield code="0">(DE-627)1271514990</subfield>
   <subfield code="0">(DE-625)rvk/98294:157</subfield>
   <subfield code="0">(DE-576)201514990</subfield>
  </datafield>
  <datafield tag="936" ind1="b" ind2="k">
   <subfield code="a">21.73</subfield>
   <subfield code="j">Stadtbaugeschichte</subfield>
   <subfield code="j">Geschichte ländlicher Siedlungen</subfield>
   <subfield code="0">(DE-627)106409948</subfield>
  </datafield>
  <datafield tag="951" ind1=" " ind2=" ">
   <subfield code="a">BO</subfield>
  </datafield>
  <datafield tag="990" ind1=" " ind2=" ">
   <subfield code="a">Deutsche Ostgebiete</subfield>
  </datafield>
  <datafield tag="990" ind1=" " ind2=" ">
   <subfield code="a">Retablissement</subfield>
  </datafield>
  <datafield tag="990" ind1=" " ind2=" ">
   <subfield code="a">Städtebau</subfield>
  </datafield>
  <datafield tag="990" ind1=" " ind2=" ">
   <subfield code="a">Geschichte 1700-1900</subfield>
  </datafield>
  <datafield tag="991" ind1=" " ind2=" ">
   <subfield code="a">Rezensiertes Werk</subfield>
  </datafield>
  <datafield tag="999" ind1=" " ind2=" ">
   <subfield code="a">KXP-PPN847396304</subfield>
   <subfield code="e">4296836935</subfield>
  </datafield>
 </record>
</collection>
